|
|
|
|
| LEADER |
00000nam a22000004a 4500 |
| 001 |
AR-BbUGT4506 |
| 003 |
AR-BbUGT |
| 005 |
20231129101620.0 |
| 007 |
co |g |||a|a|n |
| 008 |
080327t2005 fr q |0|||0|fre d |
| 040 |
|
|
|a AR-BbUGT
|b spa
|c AR-BbUGT
|
| 082 |
0 |
4 |
|a 630
|
| 100 |
1 |
|
|a Bosc, Pierre-Marie.
|
| 245 |
1 |
0 |
|a Agricultures familiales et mondialisation
|h [Recurso electrónico] :
|b bibliographie 1998-2004 /
|c coordinado por Pierre-Marie Bosc.
|
| 260 |
|
|
|a Francia :
|b Cirad,
|c 2005.
|
| 300 |
|
|
|a 1 disco compacto ;
|c 12 cm.
|
| 653 |
|
|
|a Agricultura familiar
|
| 653 |
|
|
|a CD
|
| 942 |
|
|
|c VM
|h 630
|i B65
|k CD
|2 ddc
|6 630_000000000000000_B65
|
| 999 |
|
|
|c 11832
|d 11832
|